| 000 | 00680pam a2200193 i 4500 | ||
|---|---|---|---|
| 020 | _a051702084X | ||
| 082 | 0 | 0 |
_a808.83 _bHEM _cL-30, P-120 |
| 100 | 1 |
_aHemingway, Ernest, _945909 |
|
| 245 | 1 | 0 |
_aMen at war : _bthe best war stories of all time _cedited with an introd. by Ernest Hemingway ; based on a plan by William Kozlenko. |
| 250 | _aBramhall 1979 ed. | ||
| 260 |
_aNew York : _bBramhall House, _c[1979] c1942. |
||
| 300 |
_axxvii, 1072 p. ; _c24 cm. |
||
| 526 |
_a0 _b0 _c0 _d808_830000000000000_HEM |
||
| 526 |
_a0 _b0 _c0 _d808_830000000000000_HEM |
||
| 526 |
_a0 _b0 _c0 _d808_830000000000000_HEM |
||
| 650 | 0 |
_aMCE _9379 |
|
| 650 | 0 |
_aWar stories. _945910 |
|
| 942 |
_2ddc _cBK |
||
| 999 |
_c549311 _d549311 |
||